Normal view
MARC view
Entry Topical Term
001 - CONTROL NUMBER
- control field: 57073
003 - CONTROL NUMBER IDENTIFIER
- control field: OSt
005 - DATE AND TIME OF LATEST TRANSACTION
- control field: 20251008122314.0
008 - FIXED-LENGTH DATA ELEMENTS
- fixed length control field: 251008|| aca||aabn | a|a d
040 ## - CATALOGING SOURCE
- Original cataloging agency: OSt
- Transcribing agency: OSt
150 ## - HEADING--TOPICAL TERM
- Topical term or geographic name entry element: Platform economy, Gig work, Geographically tethered labour. Formal/informal labour, Flexibility, Fairness
670 ## - SOURCE DATA FOUND
- Source citation: Work cat.: (OSt): Srinivasan, Janaki Graham, Mark and Parthasarathy, Balaji 57072, The developmental possibilities of gig work on digital platforms: The limits to the hope and hype in India
